000 00730 a2200241 4500
005 20160609161709.0
008 100803t xxu||||| |||| 00| 0 eng d
040 _aBUAC
041 _aFr.
082 _a140
100 _aLeibniz, G.-W.
_97920
245 _aOpuscules philosophiques choisis
_c/ G.- W. Leibniz ; trad. du latin par Paul Schrecker
260 _aParis :
_bJ. Vrin
_c1969
300 _a154p.
300 _b22cm.
440 _a(Bibliothèque des textes philosophiques)
_97921
504 _acomprend Notes du traducteur, trad. de "Opuscula philosophica selecta"
630 _aPHILOSOPHIE
_97922
650 _aMétaphysique
_97923
700 _a Schrecker, Paul
_cTrad.
_97924
942 _cLIVR
999 _c39688
_d39688